000 00568nam a2200217Ia 4500
001 8449
003 GE_BSU
008 181216s||||||||xx |||||||||||||| ||und||
040 _cGE_BSU
080 _a821.353.1-11
100 _aეული, სანდრო
245 _aპოემები.
250 _aცეკავშირის სტ.
260 _aტფილისი.
260 _bფედერაცია.
260 _c1933
300 _a163 გვ; 18 სმ.
300 _bსურ;
653 _aპოემები.
942 _cBK
999 _c41768
_d41768